000 00599nam a2200181Ia 4500
008 151018s9999 xx 000 0 und d
082 _bRBASDV28434
_a891.463
100 _aप्रशांत पोखरकर
245 _aब्लँक टायगर
250 _b1
260 _bपुष्प प्रकाशन पुणे
_c1996
300 _a128
600 _aप्रशांत पोखरकर
630 _aब्लँक टायगर
700 _aप्रशांत पोखरकर
730 _aब्लँक टायगर
942 _cBOOK
999 _c1028009
_d1028006